Структурные и химические превращения в нанопорошках меди при нагревании в воздухе; Известия Томского политехнического университета [Известия ТПУ]; Т. 312, № 3 : Химия

Podrobná bibliografie
Parent link:Известия Томского политехнического университета [Известия ТПУ]/ Томский политехнический университет (ТПУ).— , 2000-
Т. 312, № 3 : Химия.— 2008.— [С. 16-18]
Hlavní autor: Толбанова Л. О. Людмила Олеговна
Další autoři: Мостовщиков А. В. Андрей Владимирович, Ильин А. П. Александр Петрович
Shrnutí:Заглавие с титульного листа
Электронная версия печатной публикации
Изучены с использованием записи электропроводности при нагревании в воздухе, термического и рентгенофазового анализов процессы в нанопорошках меди. Измерения электропроводности проводились при постоянном напряжении на образце, равном 20 В. При 250...260 °С наблюдалось резкое нарастание электрического тока. При охлаждении электропроводность снижалась, но оставалась больше по величине, чем при нагревании. В тоже время температура начала окисления исходного нанопорошка меди не превышала 190 °С. Наличие в составе оксидной плёнки двух кристаллических фаз оксидов меди(I) и меди(II) приводило к химическому диспергированию оксидов на кластеры и к нарушению сплошности оксидной плёнки.
Jazyk:ruština
Vydáno: 2008
Edice:Химия
Témata:
On-line přístup:http://www.lib.tpu.ru/fulltext/v/Bulletin_TPU/2008/v312/i3/03.pdf
Médium: MixedMaterials Elektronický zdroj Kapitola
KOHA link:https://koha.lib.tpu.ru/cgi-bin/koha/opac-detail.pl?biblionumber=173169

MARC

LEADER 00000nla2a2200000 4500
001 173169
005 20250116063139.0
035 |a (RuTPU)RU\TPU\book\187827 
035 |a RU\TPU\book\187825 
090 |a 173169 
100 |a 20091221d2008 k y0rusy50 ca 
101 0 |a rus 
102 |a RU 
135 |a drnn ---uucaa 
181 0 |a i  
182 0 |a b 
200 1 |a Структурные и химические превращения в нанопорошках меди при нагревании в воздухе  |f Л. О. Толбанова, А. В. Мостовщиков, А. П. Ильин 
203 |a Текст  |c электронный 
215 |a 1 файл (768 Кб) 
225 1 |a Химия 
300 |a Заглавие с титульного листа 
300 |a Электронная версия печатной публикации 
320 |a [Библиогр.: с. 18 (3 назв.)] 
330 |a Изучены с использованием записи электропроводности при нагревании в воздухе, термического и рентгенофазового анализов процессы в нанопорошках меди. Измерения электропроводности проводились при постоянном напряжении на образце, равном 20 В. При 250...260 °С наблюдалось резкое нарастание электрического тока. При охлаждении электропроводность снижалась, но оставалась больше по величине, чем при нагревании. В тоже время температура начала окисления исходного нанопорошка меди не превышала 190 °С. Наличие в составе оксидной плёнки двух кристаллических фаз оксидов меди(I) и меди(II) приводило к химическому диспергированию оксидов на кластеры и к нарушению сплошности оксидной плёнки. 
337 |a Adobe Reader 
461 1 |0 (RuTPU)RU\TPU\book\176237  |t Известия Томского политехнического университета [Известия ТПУ]  |f Томский политехнический университет (ТПУ)  |d 2000- 
463 1 |0 (RuTPU)RU\TPU\book\187821  |x 1684-8519  |t Т. 312, № 3 : Химия  |v [С. 16-18]  |d 2008  |p 99 с. 
610 1 |a структурные превращения 
610 1 |a химические превращения 
610 1 |a нанопорошки 
610 1 |a медь 
610 1 |a нагревание 
610 1 |a воздух 
610 1 |a электропроводность 
610 1 |a нагревание 
610 1 |a термический анализ 
610 1 |a рентгенофазовый анализ 
610 1 |a постоянное напряжение 
610 1 |a образцы 
610 1 |a электрический ток 
610 1 |a охлаждение 
610 1 |a окисление 
610 1 |a оксидные пленки 
610 1 |a кристаллические фазы 
610 1 |a оксид меди 
610 1 |a химическое диспергирование 
610 1 |a кластеры 
610 1 |a труды учёных ТПУ 
610 1 |a электронный ресурс 
700 1 |a Толбанова  |b Л. О.  |c химик  |c доцент Томского политехнического университета, кандидат технических наук  |f 1982-  |g Людмила Олеговна  |3 (RuTPU)RU\TPU\pers\25503 
701 1 |a Мостовщиков  |b А. В.  |c химик  |c старший научный сотрудник, профессор Томского политехнического университета, доктор технических наук  |f 1989-  |g Андрей Владимирович  |y Томск  |3 (RuTPU)RU\TPU\pers\25492  |4 070  |9 11429 
701 1 |a Ильин  |b А. П.  |c химик  |c профессор Томского политехнического университета, доктор физико-математических наук  |f 1949-  |g Александр Петрович  |3 (RuTPU)RU\TPU\pers\25487  |4 070  |9 11424 
801 1 |a RU  |b 63413507  |c 20090623  |g PSBO 
801 2 |a RU  |b 63413507  |c 20211118  |g PSBO 
856 4 |u http://www.lib.tpu.ru/fulltext/v/Bulletin_TPU/2008/v312/i3/03.pdf 
942 |c CF